Kytica Lúčnici

Bibliographic Details
Main Authors: Klimo, Štefan, 1919-2000 (Author), Ištvančin, Ján (Author)
Format: Article
Language:Slovak
Subjects:

MARC

LEADER 00000nab a2200000 a 4500
001 vtls000044151
003 SK-MaSNL
005 20260305005854.0
008 111103c1979 xo 0 slo
015 |a SNBRB19rr/mm-uuuuu 
035 |a CL0054246 
040 |a SNKBUCL  |b slo  |c SNKBUCL  |e AACR2 
041 0 |a slo 
044 |a xo  |c SK 
080 |a 793.3  |2 1981 
100 1 |a Klimo, Štefan,  |d 1919-2000  |4 aut  |9 186637 
245 1 0 |a Kytica Lúčnici  |c Štefan Klimo, Ján Ištvančin 
610 2 7 |a Lúčnica (umelecký súbor)  |2 snkbucl  |9 33124 
650 0 7 |a folklórne súbory  |2 snkbucl  |9 28685 
655 7 |a články z novín a časopisov  |2 snkbucl  |9 267496 
700 1 |a Ištvančin, Ján  |4 aut  |9 272627 
773 0 |t Smena na nedeľu  |g Roč. 14, č. 44 (2. 11. 1979), s. 6 
850 |a Slovenská národná knižnica v Martine  |a MTA001 
852 |a SNK  |b KIS3GCP 
958 |a RK 
992 |a RBX 
999 |c 3243049  |d 3244979